Größte Gemeinden im Traunviertel - Statistiken

Allgemein
  • Dieses Quiz wurde 31 mal gespielt
  • Das Durchschnittsergebnis liegt bei 14 aus 20
Antwortstatistiken
Einwohner Bezirk Gemeinde % Korrekt
38.056 Steyr Steyr
100%
13.275 Gmunden Gmunden
91%
24.756 Linz-Land Traun
91%
14.070 Gmunden Bad Ischl
86%
28.929 Linz-Land Leonding
86%
17.092 Linz-Land Ansfelden
82%
11.940 Linz-Land Enns
77%
7.677 Gmunden Ebensee am Traunsee
73%
6.181 Linz-Land St. Florian
73%
9.856 Gmunden Altmünster
68%
6.718 Linz-Land Asten
68%
7.560 Gmunden Bad Goisern am Hallstättersee
68%
6.697 Kirchdorf an der Krems Kremsmünster
68%
9.843 Gmunden Laakirchen
68%
9.375 Steyr-Land Sierning
68%
7.524 Gmunden Vorchdorf
59%
6.209 Linz-Land Hörsching
55%
6.637 Linz-Land Neuhofen an der Krems
55%
7.629 Linz-Land Pasching
50%
6.640 Steyr-Land Garsten
45%
Keine übereinstimmenden Quizze gefunden
Verteilung der Resultate
Anzahl Personen mit jedem Resultat
Perzentil nach korrekt beantworteten Fragen
Ihre Resultats-Entwicklung
Sie haben dieses Quiz noch nicht gespielt